| 000 | 00372nam a2200145Ia 4500 | ||
|---|---|---|---|
| 008 | 210716s1992 xx 000 0 und d | ||
| 041 | _aeng | ||
| 082 | _a005.3001 CASF | ||
| 100 | _aCase, Felicia. | ||
| 245 | _aLearn wordperfect in a day. | ||
| 250 | _a1 | ||
| 260 |
_aNew Delhi _bBPB Publications _c1992 |
||
| 300 | _avi,122 | ||
| 650 | _aRelational Databases(005.756) | ||
| 999 |
_c183234 _d183234 |
||